000 00901nas a2200277 4500
001 BR8203088
003 BR-BrBNA
005 20231205085205.0
007 ta
008 230509b bl.|||p| |||| 00| 00por d
040 _aBR-BrBNA
_bpor
_cBiblioteca Nacional de Agricultura
041 _a(Pt)
072 _aL30
100 1 _aDonzele, J.L.
100 1 _aLopes, D.C.
100 1 _aAlvarenga, J.C.
100 1 _aGontijo, V. de P.M.
100 1 _aMarcatti Neto, A.
245 1 _aAvaliacao da retirada do suplemento mineral e vitaminico da alimentacao dos suinos em terminacao
650 _aSUÍNO
650 _aSUPLEMENTO MINERAL
650 _aSUPLEMENTO VITAMINICO
773 0 _tInforme Agropecuario - Empresa de Pesquisa Agropecuaria de Minas Gerais (Brazil)
_xISSN 0100-3364
_g(Dec 1982), v. 8(96) p. 30-32
_wBR8203088
909 _a202311
_bLúcia
_c55
_dLúcia Elande
942 _2AGRIS
_n0
_cANA
999 _c109862
_d109862